| 000 | 00349cam a2200133ua 4500 | ||
|---|---|---|---|
| 020 | _a9780071072830 | ||
| 082 |
_a005.133 _bBAL/OB |
||
| 100 | _aBalagurusamy, E . | ||
| 245 | _aObject oriented programming with C++ / | ||
| 250 | _a3 / | ||
| 260 |
_aNew Delhi : _bTata Mc-Graw Hill Publishing Company , _c2007. |
||
| 300 | _a613 ; . | ||
| 942 | _cBK | ||
| 999 |
_c13188 _d13188 |
||